000 01164cam a22002651i 4500
003 SA-RiAUC
005 20250509135834.0
008 250509s1999 mr g f00000cara c
020 _a9981610062
040 _aSA-RiAUC
_bara
_cSA-RiAUC
_erda
043 _af-mr---
082 0 4 _a016.9250964
_qSA-RiAUC
090 _a016.9250964
_b م ا ب
100 1 _aالمرابط الترغي، عبد الله،
_d1944-2015
_eمؤلف.
245 1 0 _aفهارس علماء المغرب منذ النشأة إلى القرن الثاني عشر للهجرة :
_bمنهجيتها-تطورها-قيمتها العلمية /
_cتأليف عبد الله المرابط الترغي.
250 _aالطبعة الأولى.
264 1 _aتطوان، المغرب :
_bجامعة عبد الملك السعدي،
_c1999
300 _a703 صفحة ؛
_c24 سم
336 _aنص
_btxt
_2rdacontent
_3كتاب
337 _aبدون وسيط
_bn
_2rdamedia
338 _aمجلد
_bnc
_2rdacarrier
650 7 _aالعلماء المسلمون
_zالمغرب
_vتراجم
_vببليوجرافيات
_2aucsh
942 _2ddc
_cBOOK
_n0
949 _aSA-JeALM
_d250509
_umohamedma123
_n1
999 _c7719
_d7719